| Поле | Инд. | ПП | Название | Значение |
|---|---|---|---|---|
| Тип записи | a | |||
| Библиографический уровень | a | |||
| 001 | Контрольный номер | 9911f02cea294c868b5366f7b5240718 | ||
| 005 | Дата корректировки | 20190225095150.3 | ||
| 100 | a | Данные общей обработки | 20180627 ||| 0rusy0189 ca | |
| 101 | 0_ | a | Язык текста | rus |
| 102 | a | Страна публикации | RU | |
| 200 | 1_ | f | Первые сведения об ответственности | А.Л. Монгуш, О.Ш. Донгак |
| a | Заглавие | Юристы и информационные технологии | ||
| 210 | 1_ | d | Дата издания | 2018 |
| 461 | _0 | 1 | 2000 | |
| a | Закон и право | |||
| 463 | _0 | 1 | 2000 | |
| a | №3 | |||
| v | С. 21-24 | |||
| 1 | 2101 | |||
| d | 2018 | |||
| 1 | 001304b7f4c155a4213984f4be134bae1e7 | |||
| 606 | a | Основная рубрика | Информационное право | |
| 610 | 0_ | a | Ключевые слова | ЮРИДИЧЕСКОЕ ОБРАЗОВАНИЕ |
| 700 | _1 | a | Фамилия | Монгуш |
| b | Имя | А.Л. | ||
| 701 | _1 | a | Фамилия | Донгак |
| b | Имя | О.Ш. | ||
| 801 | _0 | a | Страна | RU |
| b | Организация | РГУП | ||
| c | Дата составления | 20180627 | ||
| g | Правила каталогизации | PSBO | ||
| 801 | _1 | a | Страна | RU |
| b | Организация | РГУП | ||
| c | Дата составления | 20180627 | ||
| g | Правила каталогизации | PSBO | ||
| 856 | 4_ | u | URL | https://rucont.ru/read/4092457?file=638649&f=4092457 |
| 901 | t | Тип документа | b | |
| w | Контрольный № источника | 304b7f4c155a4213984f4be134bae1e7 | ||
| 905 | a | Дата ввода | 20180627 |